• 首页
  • 本馆介绍
  • 公告通知
  • 最新文献
  • 馆藏检索
  • 电子资源
  • 读者导购
  • 参考咨询
  • 我的图书馆
  • 登录
  • 详细信息显示
  • 放入我的书架
  • 预约/预借图书
  • 作者相关作品
  • 分类相关作品
  • 丛书相关作品
  • 出版社相关作品

书目信息

  • 表格格式
  • 工作单格式
  • 卡片格式
题名:
中国文字与书法
    
 
作者: 陈彬龢 著
分册:  
出版信息: 南昌   江西教育出版社  2018.07
页数: 156页
开本: 23cm
丛书名: 大家学术文库
单 册:
中图分类: J292.1 , H12
科图分类:
主题词: 书法--研究--中国 , 汉字--文字学
电子资源:
ISBN: 978-7-5392-9999-0
000 00887oam2 2200265 450
001 4821
005 20181013100700.56
010    @a978-7-5392-9999-0@dCNY26.00
100    @a20180819d2018 em y0chiy50 ea
101 0  @achi
102    @aCN@b360000
105    @ay z 000yy
200 1  @a中国文字与书法@9zhong guo wen zi yu shu fa@f陈彬龢著
210    @a南昌@c江西教育出版社@d2018.07
215    @a156页@d23cm
225 1  @a大家学术文库
330    @a本书从文字源流、书体沿革、书法述评、书法研究等方面,对历代文字与书法的发展演变及著名碑帖等,一一叙述,使人能清晰地了解中国文字及书法的历史,附录部分提供历代书法名家小传及重要碑目。
461  0 @12001 @a大家学术文库
606 0  @a书法@x研究@y中国
606 0  @a汉字@x文字学
690    @aJ292.1@v5
690    @aH12@v4
701  0 @a陈彬龢@9chen bin he@f(1897-1945)@4著
801  0 @aCN@b91MARC@c20180819
905    @aMuseLib@dH12@e200
    
    中国文字与书法/陈彬龢著.-南昌:江西教育出版社,2018.07
    156页;23cm.-(大家学术文库)
    
    
    ISBN 978-7-5392-9999-0:CNY26.00
    本书从文字源流、书体沿革、书法述评、书法研究等方面,对历代文字与书法的发展演变及著名碑帖等,一一叙述,使人能清晰地了解中国文字及书法的历史,附录部分提供历代书法名家小传及重要碑目。
●
相关链接 在E读中查询图书 在五车中查询图书 在当当中查询图书 在豆瓣中查询图书


正题名:中国文字与书法     索取号:H12/200         预约/预借

序号 登录号 条形码 馆藏地/架位号 状态 备注
1 1126809   211268091   第二样本阅览室/ [索取号:H12/200] 在馆    
2 1126810   211268108   密集书库-文学院/ [索取号:H12/200] 在馆    
3 1126811   211268117   第四借阅区/ [索取号:H12/200] 在馆    
4 1126812   211268126   第四借阅区/ [索取号:H12/200] 在馆    
5 1126813   211268135   第四借阅区/ [索取号:H12/200] 在馆    
唐山师范学院图书馆 欢迎您!
大连网信软件有限公司© 版权所有